| 000 | 00880cam a2200205 a 4500 | ||
|---|---|---|---|
| 001 | 000638114 | ||
| 003 | AM-YEHGA | ||
| 005 | 20250617160722.0 | ||
| 008 | 090303s1961 ai | |||||||||||||rus|d | ||
| 040 | _aAM-YeHGA | ||
| 041 | 0 | _arus | |
| 100 | 1 | _aПопов, Николай Иванович | |
| 245 | 1 | 0 |
_aО математическом методе анализа производительности труда в сельском хозяйстве : _b(По факторам) / _cН.И. Попов. |
| 260 |
_aМосква : _bСельхозгиз, _c1961. |
||
| 300 |
_a104 с. : _bтабл. ; _c21 см. |
||
| 504 | _aБиблиогр. в подстроч. примеч. | ||
| 650 | 1 | 4 | _aТехнические вопросы организации производства и труда в сельском хозяйстве |
| 942 |
_2udc _cBK |
||
| 090 | _c462136 | ||
| 999 |
_c459067 _d459067 |
||